Estatísticas para Países da Europa mais perto do centro do continente

Clique aqui para jogar o quiz

Estatísticas Gerais

  • Esse quiz foi jogado 54 vezes
  • A pontuação média é 13 de 15

Estatísticas das Respostas

DicaPaís% Correto
18 kmAlemanha
94%
161 kmÁustria
92%
26 kmPolônia
92%
10 kmDinamarca
90%
98 kmPaíses Baixos
88%
110 kmTchéquia
88%
143 kmLetônia ou Lituânia
86%
5 kmSuécia
86%
124 kmBélgica
84%
147 kmEslováquia
84%
135 kmFinlândia
84%
129 kmLuxemburgo
84%
81 kmNoruega
84%
151 kmEstônia
76%
115 kmRússia
76%

Distribuição das Pontuações

Percentil de Números Respondidos

Porcentagem de Pessoas com Cada Pontuação

Sua Pontuação Histórica

Você não jogou esse quiz